[Event "XIX Carlos Torre Mem"]
[Site "Merida MEX"]
[Date "2006.12.14"]
[Round "1"]
[White "Guerrero Rodriguez,Alej"]
[Black "Ehlvest,J"]
[Result "0-1"]
[WhiteElo "2157"]
[BlackElo "2597"]
[EventDate "2006.12.14"]

1. e4 c5 2. Nf3 e6 3. d4 cxd4 4. Nxd4 a6 5. Bd3 Nf6 6. O-O d6 7. c4 b6 8.
Nc3 Bb7 9. Bg5 Be7 10. Qe2 O-O 11. Rad1 Nbd7 12. Kh1 Re8 13. f4 Qc7 14. Rf3
h6 15. Rh3 Bf8 16. Bh4 g6 17. Bb1 Nh5 18. Rf3 e5 19. fxe5 Nxe5 20. Rff1
Qxc4 21. Qf2 Qc7 22. h3 Be7 23. Nd5 Bxd5 24. exd5 Bxh4 25. Qxh4 Qe7 26. Qf2
Qg5 27. Kh2 Kg7 28. Nc6 Nf6 29. Nxe5 Rxe5 30. Rd4 Re3 31. Rf4 Qe5 32. Kg1
Re2 33. Qf3 Re1 34. Qf2 Rxf1+ 35. Qxf1 Re8 36. Bd3 b5 37. a3 Qxb2 38. a4
Qc3 39. Kh2 Re1 40. Qf3 Qe5 0-1

[Event "XIX Carlos Torre Mem"]
[Site "Merida MEX"]
[Date "2006.12.14"]
[Round "1"]
[White "Mitkov,N1"]
[Black "Suarez,S"]
[Result "1/2-1/2"]
[WhiteElo "2565"]
[BlackElo "2157"]
[EventDate "2006.12.14"]

1. e4 e5 2. Bc4 Nc6 3. Nc3 Nf6 4. d3 Be7 5. f4 exf4 6. Bxf4 d6 7. Nf3 O-O
8. Qd2 Be6 9. O-O Rc8 10. Nd5 Bxd5 11. exd5 Ne5 12. Nd4 Nfd7 13. Bb3 Bf6
14. Nf5 Ng6 15. d4 Nxf4 16. Qxf4 g6 17. Qg4 Bg7 18. Nxg7 Kxg7 19. Rae1 h5
20. Qf3 Nf6 21. h3 Ng8 22. Ba4 a6 23. c3 Qg5 24. Re2 Rcd8 25. c4 Nh6 26.
Qf2 Ng8 27. Re4 Rb8 28. Qe2 Ra8 29. Kh2 Rab8 30. Rf3 Qd8 31. Rg3 Kh6 32.
Qd2+ Kg7 33. Bd1 Nf6 34. Rf4 Rh8 35. Kg1 Ng8 36. Bc2 Qd7 37. Bf5 Qe7 38.
Re4 Qf6 39. Bxg6 fxg6 40. Re6 Qf7 41. Qg5 Rh6 42. Rf3 Qd7 43. Rfe3 Kh8 44.
Re7 Qf5 45. Qxf5 gxf5 46. Rxc7 Rh7 47. Rxh7+ Kxh7 48. Re6 Rd8 49. Kf2 Rd7
50. Kf3 b5 51. b3 bxc4 52. bxc4 Ne7 53. Kf4 Nc8 54. Kxf5 Rc7 55. c5 dxc5
56. dxc5 Rxc5 57. Ke5 Ra5 58. Rc6 Ne7 59. Rc7 Rxd5+ 60. Kf6 Rf5+ 61. Kxe7
Rf2 62. a4 Rxg2 63. Kf6+ Kh6 64. Ra7 Rg6+ 65. Kf5 Rg5+ 66. Kf6 Rg6+ 67. Kf5
1/2-1/2

[Event "XIX Carlos Torre Mem"]
[Site "Merida MEX"]
[Date "2006.12.14"]
[Round "1"]
[White "Beltran,J"]
[Black "Nogueiras,J"]
[Result "0-1"]
[WhiteElo "2154"]
[BlackElo "2554"]
[EventDate "2006.12.14"]

1. d4 Nf6 2. c4 e6 3. g3 d5 4. Bg2 Bb4+ 5. Nd2 Nc6 6. Ngf3 dxc4 7. Qc2 O-O
8. Qxc4 Qd5 9. O-O Bxd2 10. Qxd5 exd5 11. Bxd2 Bg4 12. Rfc1 Rfe8 13. e3
Rac8 14. b4 Ne4 15. Be1 Nd6 16. Rab1 Bf5 17. Rb3 a6 18. a4 Be4 19. b5 axb5
20. axb5 Na7 21. b6 cxb6 22. Ra1 Nab5 23. Ne5 Ra8 24. Rxa8 Rxa8 25. Bxe4
dxe4 26. Bb4 f6 27. Nd7 Nc4 28. Nxb6 Nxd4 29. exd4 Nxb6 30. Bc5 Nc4 31.
Rxb7 h5 32. Kf1 Ra1+ 33. Ke2 Ra2+ 34. Ke1 e3 35. fxe3 Nxe3 36. Re7 Nd5 37.
Re2 Ra1+ 38. Kf2 Kf7 39. h3 g5 40. g4 Nf4 41. Rd2 Nxh3+ 42. Kg3 Nf4 43.
gxh5 Nxh5+ 44. Kg4 Nf4 45. Kf5 Nd5 46. Rh2 Rf1+ 47. Ke4 Ke6 48. Rh6 g4 49.
Kd3 g3 50. Rg6 Nf4+ 0-1

[Event "XIX Carlos Torre Mem"]
[Site "Merida MEX"]
[Date "2006.12.14"]
[Round "1"]
[White "Hernandez,Gi"]
[Black "Arreguin Hernandez,A"]
[Result "1-0"]
[WhiteElo "2551"]
[BlackElo "2150"]
[EventDate "2006.12.14"]

1. e4 e5 2. Nf3 Nc6 3. Bb5 a6 4. Ba4 Nf6 5. d3 d6 6. c3 Be7 7. O-O O-O 8.
Nbd2 Bg4 9. h3 Bh5 10. Re1 Nd7 11. Nf1 Bg5 12. Bxg5 Bxf3 13. Bxd8 Bxd1 14.
Bxc6 bxc6 15. Bxc7 Bc2 16. Bxd6 Rfd8 17. Re3 Nf8 18. Bxe5 Bxd3 19. b3 f6
20. Bc7 Rd7 21. Rd1 Rxc7 22. Rexd3 Kf7 23. Ne3 Re8 24. f3 Ng6 25. Rd7+ Re7
26. Rxc7 Rxc7 27. g3 a5 28. Kf2 Ra7 29. Rd4 Ne5 30. f4 c5 31. Rd5 Nd7 32.
Nc4 a4 33. bxa4 Ke6 34. Ke3 Rxa4 35. Rd6+ 1-0

[Event "XIX Carlos Torre Mem"]
[Site "Merida MEX"]
[Date "2006.12.14"]
[Round "1"]
[White "Navarrete Mendez,G"]
[Black "Georgiev,Vl"]
[Result "0-1"]
[WhiteElo "2146"]
[BlackElo "2532"]
[EventDate "2006.12.14"]

1. e4 e5 2. Nf3 Nc6 3. Nc3 Nf6 4. Nxe5 Nxe5 5. d4 d6 6. dxe5 dxe5 7. Bd3
Bc5 8. Bg5 c6 9. Qe2 h6 10. Bh4 Qe7 11. O-O-O Bd4 12. Nb1 b5 13. f3 Be6 14.
Bxb5 cxb5 15. Rxd4 exd4 16. e5 Bf5 17. Re1 O-O 18. exf6 Qxe2 19. Rxe2 Rfe8
20. Rxe8+ Rxe8 21. Kd2 g5 22. Bg3 Rc8 23. Na3 b4 24. Nb5 Rxc2+ 25. Kd1 Rxb2
26. Nxd4 Bd7 27. Nb3 Rxa2 28. Nc5 Ba4+ 29. Nxa4 Rxa4 30. Kc2 Ra2+ 0-1

[Event "XIX Carlos Torre Mem"]
[Site "Merida MEX"]
[Date "2006.12.14"]
[Round "1"]
[White "Russek,G"]
[Black "Tapie,P"]
[Result "1/2-1/2"]
[WhiteElo "2390"]
[BlackElo "2059"]
[EventDate "2006.12.14"]

1. e4 c5 2. c3 d5 3. exd5 Qxd5 4. d4 g6 5. dxc5 Qxc5 6. Be3 Qc7 7. Na3 a6
8. Nf3 Nd7 9. Bc4 Ngf6 10. O-O Bg7 11. Re1 O-O 12. Bd4 e6 13. Ne5 b5 14.
Nxd7 Qxd7 15. Be2 Bb7 16. Bf3 Bxf3 17. Qxf3 Qd5 18. Qxd5 1/2-1/2

[Event "XIX Carlos Torre Mem"]
[Site "Merida MEX"]
[Date "2006.12.14"]
[Round "1"]
[White "Reyes Ayala,M"]
[Black "Escobedo Tinajero,A"]
[Result "0-1"]
[WhiteElo "2019"]
[BlackElo "2383"]
[EventDate "2006.12.14"]

1. e4 c6 2. d4 d5 3. Nc3 dxe4 4. Nxe4 Nd7 5. Nf3 Ngf6 6. Ng3 e6 7. Bd3 Be7
8. O-O O-O 9. c3 c5 10. Bg5 cxd4 11. Nxd4 h6 12. Bxf6 Bxf6 13. Bc2 Re8 14.
Nb5 Qb6 15. Qd3 Nf8 16. Ne4 Be5 17. Bb3 Rd8 18. Qe2 a6 19. Na3 Qc7 20. h3
b5 21. Qe3 Bb7 22. f4 Qc6 23. fxe5 Qxe4 24. Qf2 Rd7 25. Rae1 Qg6 26. Nc2
Be4 27. Re3 Rd3 28. Rfe1 Rxe3 29. Nxe3 Rd8 30. Bc2 Bxc2 31. Nxc2 Rd3 32.
Nb4 Rxh3 33. Nc6 Kh7 34. Ne7 Qg3 35. Qxg3 Rxg3 36. Rf1 Ng6 37. Rxf7 Nxe5
38. Rf2 Rd3 39. Re2 Ng4 40. Kf1 Rd1+ 41. Re1 Ne3+ 0-1

[Event "XIX Carlos Torre Mem"]
[Site "Merida MEX"]
[Date "2006.12.14"]
[Round "1"]
[White "Estrada Nieto,J"]
[Black "Sandoval,A"]
[Result "1-0"]
[WhiteElo "2379"]
[BlackElo "2009"]
[EventDate "2006.12.14"]

1. e4 c5 2. Nf3 d6 3. Bb5+ Nd7 4. d4 cxd4 5. Qxd4 e5 6. Qd3 h6 7. Nc3 Ngf6
8. Be3 a6 9. Bc4 Qc7 10. a4 Nc5 11. Bxc5 Qxc5 12. O-O Be7 13. Nd5 Nxd5 14.
Bxd5 O-O 15. Nd2 Rb8 16. Nc4 Kh8 17. Ne3 g6 18. Kh1 Kg7 19. Ra3 Rd8 20. a5
Bd7 21. f4 f6 22. c3 b6 23. b4 Qc8 24. axb6 Rxb6 25. Bc4 Bc6 26. f5 g5 27.
Nd5 Bxd5 28. Bxd5 Rd7 29. Be6 1-0

[Event "XIX Carlos Torre Mem"]
[Site "Merida MEX"]
[Date "2006.12.14"]
[Round "1"]
[White "Ibarra Chami,L"]
[Black "Santos Cabanas,C"]
[Result "1-0"]
[WhiteElo "2339"]
[BlackElo "1969"]
[EventDate "2006.12.14"]

1. e4 c5 2. Nc3 Nc6 3. Bb5 e6 4. Bxc6 bxc6 5. d3 d5 6. f4 g6 7. Nf3 Bg7 8.
e5 Ne7 9. O-O O-O 10. Na4 c4 11. d4 Nf5 12. c3 Rb8 13. Qe1 Bd7 14. Nc5 h6
15. b3 cxb3 16. axb3 Ra8 17. Ba3 Re8 18. Bb4 Qc8 19. Ra5 Bf8 20. g4 Ng7 21.
Qh4 1-0

[Event "XIX Carlos Torre Mem"]
[Site "Merida MEX"]
[Date "2006.12.14"]
[Round "1"]
[White "Vargas Hernandez,F"]
[Black "Huerta,Da"]
[Result "0-1"]
[WhiteElo "1929"]
[BlackElo "2338"]
[EventDate "2006.12.14"]

1. e4 e5 2. Nf3 d6 3. Bc4 Be7 4. d3 Nf6 5. Nc3 O-O 6. h3 c6 7. Bd2 b5 8.
Bb3 a5 9. a3 Na6 10. O-O Nc5 11. Ba2 Be6 12. Bb1 b4 13. Ne2 Qb6 14. Qe1 b3
15. Bc3 Qa6 16. Nc1 Nfd7 17. Qd1 Rab8 18. cxb3 Nxb3 19. Nxb3 Bxb3 20. Bc2
Bxc2 21. Qxc2 c5 22. Nd2 f5 23. f3 a4 24. Nc4 Bg5 25. Ba5 Rb3 26. Bc3 Bf4
27. Na5 Rb5 28. Qxa4 Nb6 29. Qc2 Rxa5 30. Bxa5 Qxa5 31. exf5 Kh8 32. Kh1
Nd5 33. Qf2 Be3 34. Qe1 Qd8 35. Rb1 Qg5 36. Kh2 Qxf5 37. Qe2 h5 38. Ra1 h4
39. a4 Qg5 40. a5 Qg3+ 41. Kh1 Bf4 0-1

[Event "XIX Carlos Torre Mem"]
[Site "Merida MEX"]
[Date "2006.12.14"]
[Round "1"]
[White "Varguez Baquedaro,A"]
[Black "Dominguez Aguilar,G"]
[Result "1-0"]
[WhiteElo "2005"]
[BlackElo "2378"]
[EventDate "2006.12.14"]

1. e4 c5 2. c3 Nf6 3. e5 Nd5 4. d4 e6 5. Nf3 cxd4 6. cxd4 Nc6 7. Nc3 Nxc3
8. bxc3 d5 9. a4 Bd7 10. Ba3 Bxa3 11. Rxa3 Rc8 12. Bd3 Na5 13. O-O Qe7 14.
Ra1 O-O 15. Qc2 h6 16. Nd2 Rc7 17. Rfc1 Rfc8 18. Qb2 Qg5 19. Ra3 Bc6 20.
Rf1 Nc4 21. Nxc4 dxc4 22. f4 Qxg2+ 23. Qxg2 Bxg2 24. Bh7+ Kxh7 25. Kxg2 Kg6
26. Kf3 Kf5 27. Rg1 g5 28. Ra2 Rg8 29. Rag2 Rg6 30. Rg4 Rc6 31. Rb1 b6 32.
h4 f6 33. h5 Rg7 34. Rf1 gxf4 35. Rxf4+ Kg5 36. Rg4+ 1-0

[Event "XIX Carlos Torre Mem"]
[Site "Merida MEX"]
[Date "2006.12.14"]
[Round "1"]
[White "De la Paz,F"]
[Black "Charpenel Elorduy,M"]
[Result "1-0"]
[WhiteElo "2442"]
[BlackElo "2079"]
[EventDate "2006.12.14"]

1. e4 Nc6 2. Nf3 e5 3. Bc4 Nf6 4. Ng5 d5 5. exd5 b5 6. Bf1 Nd4 7. c3 Nxd5
8. cxd4 Qxg5 9. Bxb5+ Kd8 10. Qf3 Bb7 11. O-O Kc8 12. d3 Qg6 13. Qh3+ Kb8
14. dxe5 Bc5 15. Nc3 Nb4 16. Bf4 Nc2 17. Rac1 Nd4 18. Bc4 h5 19. Be3 Nf3+
20. Kh1 Bxe3 21. fxe3 Nxe5 22. e4 h4 23. Qf5 Qxf5 24. Rxf5 f6 25. h3 c6 26.
Na4 Bc8 27. Rf4 a5 28. d4 Ng6 29. Rf3 Ra7 30. Nb6 Rc7 31. Ra3 Rd8 32. Nxc8
Rdxc8 33. Be6 Rd8 34. Rc4 1-0

[Event "XIX Carlos Torre Mem"]
[Site "Merida MEX"]
[Date "2006.12.14"]
[Round "1"]
[White "Ramirez Martinez,H"]
[Black "Gonzalez Zamora,J"]
[Result "1-0"]
[WhiteElo "2204"]
[BlackElo "2517"]
[EventDate "2006.12.14"]

1. e4 d5 2. exd5 Qxd5 3. Nc3 Qa5 4. d4 Nf6 5. Bd2 c6 6. Bc4 Bf5 7. Nf3 e6
8. O-O Bb4 9. a3 Bxc3 10. Bxc3 Qc7 11. Bd3 Bxd3 12. Qxd3 Nbd7 13. Rfe1 O-O
14. b4 Rfe8 15. Bb2 Rad8 16. Qb3 b6 17. c4 c5 18. Rad1 cxd4 19. Nxd4 a6 20.
Rc1 Rc8 21. Nf3 Red8 22. Qe3 Ng4 23. Qg5 Ndf6 24. h3 h6 25. Qh4 g5 26. Qg3
Qxg3 27. fxg3 1-0

[Event "XIX Carlos Torre Mem"]
[Site "Merida MEX"]
[Date "2006.12.14"]
[Round "1"]
[White "Quezada,Y"]
[Black "Soto,F"]
[Result "1-0"]
[WhiteElo "2515"]
[BlackElo "2113"]
[EventDate "2006.12.14"]

1. e4 c5 2. Nf3 Nc6 3. Bb5 d6 4. c3 Nf6 5. d3 e6 6. O-O Be7 7. Nbd2 O-O 8.
Re1 e5 9. Nf1 Bd7 10. Ng3 Qc7 11. Ba4 Rad8 12. h3 a6 13. Bxc6 bxc6 14. d4
cxd4 15. cxd4 exd4 16. Qxd4 c5 17. Qd3 Bb5 18. Qc2 Bd7 19. Bf4 Qb7 20. Rad1
Be6 21. b3 h6 22. Bd2 Rc8 23. Bc3 Rfd8 24. Nh4 c4 25. Nhf5 cxb3 26. axb3
Rd7 27. Qb2 Ne8 28. Bxg7 Qxb3 29. Qa1 Bxf5 30. Nxf5 h5 31. Bd4 Qe6 32. Qxa6
Rdc7 33. Qe2 Qg6 34. Rd3 h4 35. Rc3 Bg5 36. Rxc7 Rxc7 37. Qb5 f6 38. Qe2
Ng7 39. Qg4 Nxf5 40. exf5 Qg7 41. f4 Rc4 42. fxg5 1-0

[Event "XIX Carlos Torre Mem"]
[Site "Merida MEX"]
[Date "2006.12.15"]
[Round "2"]
[White "Huerta,S"]
[Black "Graf,A"]
[Result "0-1"]
[WhiteElo "2352"]
[BlackElo "2601"]
[EventDate "2006.12.14"]

1. d4 f5 2. Nc3 d5 3. Bg5 h6 4. Bf4 Nf6 5. e3 g5 6. Be5 e6 7. Nb5 Rh7 8.
Be2 Bd6 9. Nxd6+ cxd6 10. Bxf6 Qxf6 11. Bd3 Nc6 12. Qh5+ Ke7 13. c3 e5 14.
Qd1 Be6 15. Ne2 e4 16. Bc2 f4 17. f3 exf3 18. gxf3 Rg7 19. Qd2 fxe3 20.
Qxe3 Rf8 21. Rf1 Kd8 22. O-O-O Bh3 23. Rf2 Re7 24. Qd2 Qe6 25. Ng1 Bf5 26.
Re2 Qg6 27. Bb3 Rxe2 28. Qxe2 Qf7 29. Re1 Bg6 30. Qd2 Na5 31. Qe3 Nxb3+ 32.
axb3 Kd7 33. Kd2 Qf5 34. Rc1 Re8 35. Qf2 Qd3+ 0-1

[Event "XIX Carlos Torre Mem"]
[Site "Merida MEX"]
[Date "2006.12.15"]
[Round "2"]
[White "Nogueiras,J"]
[Black "Ibarra Chami,L"]
[Result "1-0"]
[WhiteElo "2554"]
[BlackElo "2339"]
[EventDate "2006.12.14"]

1. Nf3 d5 2. d4 Nc6 3. c4 e5 4. e3 exd4 5. exd4 Bg4 6. Be3 Nf6 7. Nc3 dxc4
8. Bxc4 Bd6 9. O-O O-O 10. h3 Bh5 11. g4 Nxg4 12. hxg4 Bxg4 13. Ne4 Kh8 14.
Kg2 f5 15. Nxd6 Qxd6 16. Rh1 h5 17. d5 Rad8 18. dxc6 Qxc6 19. Qe2 Rd6 20.
Rxh5+ Bxh5 21. Rh1 g6 22. Bd4+ Rxd4 23. Qe5+ Rf6 24. Rxh5+ gxh5 25. Qxd4
Kh7 26. Qf4 Rg6+ 27. Kh2 Qc5 28. Ne5 Rg5 29. Qxg5 Qxe5+ 30. Kh3 1-0

[Event "XIX Carlos Torre Mem"]
[Site "Merida MEX"]
[Date "2006.12.15"]
[Round "2"]
[White "Morales Garcia,S"]
[Black "Leon Hoyos,M"]
[Result "0-1"]
[WhiteElo "2230"]
[BlackElo "2437"]
[EventDate "2006.12.14"]

1. e4 c5 2. Nf3 Nc6 3. d4 cxd4 4. Nxd4 g6 5. Nc3 Bg7 6. Nb3 Nf6 7. Be2 O-O
8. O-O d6 9. Re1 Be6 10. Bf1 d5 11. Nc5 Bg4 12. f3 d4 13. Nb5 Qb6 14. Na4
Qa5 15. c3 dxc3 16. Naxc3 Be6 17. Qa4 Qd8 18. Be3 a6 19. Nd4 Nxd4 20. Bxd4
b5 21. Qd1 Qa5 22. Nd5 Nxd5 23. Bxg7 Kxg7 24. exd5 Qb6+ 25. Kh1 Rfd8 26.
Qb3 Rxd5 27. Bc4 Rd6 28. Qc3+ Kg8 29. Bxe6 Rxe6 30. Rxe6 Qxe6 31. Re1 Rc8
32. Qd2 Qxa2 33. Rxe7 Qd5 34. Qe1 Qg5 35. Re8+ Rxe8 36. Qxe8+ Kg7 37. Qe1
b4 38. h3 a5 39. Qd1 Qe5 40. Qd2 h5 41. Kg1 Qc5+ 42. Kf1 a4 43. g4 hxg4 44.
hxg4 a3 45. bxa3 bxa3 46. g5 Qb5+ 0-1

[Event "XIX Carlos Torre Mem"]
[Site "Merida MEX"]
[Date "2006.12.15"]
[Round "2"]
[White "Gongora Montes,B"]
[Black "De la Paz,F"]
[Result "0-1"]
[WhiteElo "2256"]
[BlackElo "2442"]
[EventDate "2006.12.14"]

1. e4 e5 2. f4 Nc6 3. Nf3 f5 4. Bc4 fxe4 5. Nxe5 Nxe5 6. fxe5 d5 7. exd6
Bxd6 8. Qh5+ g6 9. Qe2 Qh4+ 10. Qf2 Qxf2+ 11. Kxf2 Nf6 12. Nc3 Bd7 13. h3
Bc5+ 14. Ke1 O-O-O 15. Rf1 Rhf8 16. Be2 Bc6 17. g4 Nd7 18. d3 exd3 19. Bxd3
Rfe8+ 20. Be2 Ne5 21. Bg5 Rd7 0-1

[Event "XIX Carlos Torre Mem"]
[Site "Merida MEX"]
[Date "2006.12.15"]
[Round "2"]
[White "Vera,R"]
[Black "Martin del Campo,J"]
[Result "1-0"]
[WhiteElo "2510"]
[BlackElo "2218"]
[EventDate "2006.12.14"]

1. d4 Nf6 2. c4 g6 3. Nc3 Bg7 4. e4 d6 5. Nf3 O-O 6. Be2 c6 7. O-O Nbd7 8.
Be3 e5 9. d5 c5 10. Ne1 Ne8 11. g4 f5 12. gxf5 gxf5 13. exf5 Nb6 14. Kh1
Bxf5 15. Rg1 Kh8 16. Nf3 Nd7 17. Ng5 Nc7 18. Bd3 Qe7 19. Bxf5 Rxf5 20. Qh5
Nf8 21. Nce4 Ne8 22. Qg4 Qd7 23. Ne6 Rf7 24. Rg3 Ng6 25. N4g5 Nf6 26. Qh3
Nf4 27. Bxf4 exf4 28. Nxf7+ Qxf7 29. Rxg7 1-0

[Event "XIX Carlos Torre Mem"]
[Site "Merida MEX"]
[Date "2006.12.15"]
[Round "2"]
[White "Gonzalez Zamora,J"]
[Black "Perez Rodriguez,Je"]
[Result "1-0"]
[WhiteElo "2517"]
[BlackElo "2250"]
[EventDate "2006.12.14"]

1. d4 d5 2. Nf3 Nf6 3. c4 c6 4. e3 Bf5 5. Bd3 Bxd3 6. Qxd3 e6 7. O-O Bd6 8.
Nc3 Nbd7 9. e4 dxe4 10. Nxe4 Nxe4 11. Qxe4 Nf6 12. Qe2 O-O 13. Bg5 h6 14.
Bd2 Qe7 15. Rad1 Rad8 16. Ba5 Bc7 17. Bc3 Rfe8 18. a4 Bd6 19. b3 Nd7 20.
Rd3 c5 21. Rfd1 cxd4 22. Rxd4 Nf6 23. Qd2 Bc7 24. Bb4 Rxd4 25. Nxd4 Qd7 26.
Nb5 Qxd2 27. Rxd2 Bf4 28. Rd1 a6 29. Nc3 Bc7 30. Bd6 Bxd6 31. Rxd6 Re7 32.
c5 Kf8 33. f3 Ke8 34. Kf1 Rd7 35. Rb6 Rd3 36. Ne4 Nxe4 37. fxe4 Rd7 38. b4
e5 39. a5 Kd8 40. Ke2 Kc8 41. Ke3 Rd1 42. c6 bxc6 43. Rxc6+ Kb7 44. Rc5 f6
45. Rd5 Re1+ 46. Kf3 Kc6 47. Rd8 Rf1+ 48. Ke2 Rg1 49. Kf2 Rb1 50. Rb8 Kc7
51. Rb6 Rb2+ 52. Kf3 Rb3+ 53. Kg4 Rb2 54. g3 Rxh2 55. Rxa6 h5+ 56. Kf5 Rb2
57. Ra7+ Kc6 58. Rxg7 Rxb4 59. a6 Ra4 60. a7 Kc5 61. Kxf6 Kd4 62. Kf5 Ra5
63. Re7 Ke3 64. Rxe5 Rxa7 65. Rb5 Rf7+ 66. Kg6 Rf3 67. Kxh5 Kxe4 68. g4 Rg3
69. g5 Rh3+ 70. Kg6 Rf3 71. Kg7 1-0

[Event "XIX Carlos Torre Mem"]
[Site "Merida MEX"]
[Date "2006.12.15"]
[Round "2"]
[White "Georgiev,Vl"]
[Black "Alford,J"]
[Result "1-0"]
[WhiteElo "2532"]
[BlackElo "2294"]
[EventDate "2006.12.14"]

1. c4 Nf6 2. Nc3 g6 3. e4 d6 4. d4 Bg7 5. Bd3 O-O 6. Nge2 Nc6 7. O-O e5 8.
d5 Ne7 9. h3 Ne8 10. Ng3 f5 11. exf5 Nxf5 12. Nxf5 gxf5 13. f4 e4 14. Be2
c5 15. dxc6 bxc6 16. Be3 Be6 17. Qd2 Rf7 18. Rad1 Rd7 19. Na4 Qe7 20. b3
Kh8 21. Qe1 Rad8 22. Qf2 d5 23. cxd5 cxd5 24. Bc5 Qf7 25. Bd4 Bxd4 26.
Qxd4+ Qg7 27. Nc5 Qxd4+ 28. Rxd4 Re7 29. b4 Bf7 30. Ba6 Nc7 31. Be2 Ne6 32.
Nxe6 Bxe6 33. Rc1 Rdd7 34. Bb5 Rc7 35. Bc6 Bd7 36. b5 Bxc6 37. bxc6 Re6 38.
Rxd5 Rexc6 39. Rxc6 Rxc6 40. Rxf5 Ra6 41. Re5 Ra4 42. Re7 Kg8 43. Kh2 Kf8
44. Re5 Kf7 45. h4 Kg6 46. h5+ Kh6 47. g4 Rxa2+ 48. Kg3 Ra6 49. Rxe4 Ra1
50. Re6+ Kg7 51. g5 Rg1+ 52. Kf3 a5 53. Ra6 Rh1 54. h6+ Kf7 55. Kg4 Rg1+
56. Kf5 1-0

[Event "XIX Carlos Torre Mem"]
[Site "Merida MEX"]
[Date "2006.12.15"]
[Round "2"]
[White "Szmetan,R"]
[Black "Quezada,Y"]
[Result "0-1"]
[WhiteElo "2302"]
[BlackElo "2515"]
[EventDate "2006.12.14"]

1. d4 Nf6 2. Nf3 e6 3. c4 b6 4. a3 Bb7 5. Nc3 d5 6. cxd5 Nxd5 7. Bd2 Nd7 8.
Qc2 N5f6 9. Rd1 c5 10. Bg5 cxd4 11. Nxd4 a6 12. e4 Qc7 13. f3 Bd6 14. Bxf6
Nxf6 15. g3 O-O 16. Bg2 Rfd8 17. Nce2 Qxc2 18. Nxc2 Rac8 19. Ncd4 Rd7 20.
b4 Rcd8 21. Rc1 a5 22. bxa5 Bxa3 23. Rb1 bxa5 24. Nc2 Bc5 25. Nc3 Bc6 26.
e5 Ng4 27. Rd1 0-1

[Event "XIX Carlos Torre Mem"]
[Site "Merida MEX"]
[Date "2006.12.15"]
[Round "2"]
[White "Ramirez Garcia,J"]
[Black "Capo Vidal,U"]
[Result "1/2-1/2"]
[WhiteElo "2216"]
[BlackElo "2385"]
[EventDate "2006.12.14"]

1. e4 c5 2. Nf3 Nc6 3. c3 Nf6 4. e5 Nd5 5. Bc4 Nb6 6. Bb3 c4 7. Bc2 d6 8.
exd6 Qxd6 9. O-O g6 10. b3 Bg7 11. bxc4 Nxc4 12. d4 O-O 13. Qe2 Nb6 14. Re1
Re8 15. Ba3 Qc7 16. Bb3 Na5 17. Nbd2 Nxb3 18. axb3 Bg4 19. h3 Bxf3 20. Qxf3
Rad8 21. Ne4 e5 22. Nf6+ Bxf6 23. Qxf6 Qxc3 24. dxe5 Nd7 25. Qg5 Nxe5 26.
Be7 Rd5 27. Kh1 Nd3 28. Qxd5 Nxe1 29. Rxa7 Nd3 30. Rxb7 Qc1+ 31. Kh2 Qf4+
32. Kg1 Qxf2+ 33. Kh1 Qf1+ 34. Kh2 Qf4+ 35. Kg1 Qf2+ 36. Kh2 1/2-1/2

[Event "XIX Carlos Torre Mem"]
[Site "Merida MEX"]
[Date "2006.12.15"]
[Round "2"]
[White "Escobedo Tinajero,A"]
[Black "Varguez Baquedaro,A"]
[Result "1-0"]
[WhiteElo "2383"]
[BlackElo "2005"]
[EventDate "2006.12.14"]

1. d4 e6 2. c4 b6 3. Nf3 Bb7 4. g3 Bb4+ 5. Bd2 Bxf3 6. exf3 Bxd2+ 7. Qxd2
c5 8. dxc5 bxc5 9. Bg2 Nc6 10. f4 Rc8 11. Nc3 Nd4 12. O-O Ne7 13. Ne2 Nef5
14. Nxd4 Nxd4 15. b4 d6 16. b5 O-O 17. Rab1 Qb6 18. Kh1 Rb8 19. Rfe1 a5 20.
Re3 Ra8 21. Bxa8 Rxa8 22. a4 Ra7 23. f3 Rd7 24. Rd3 f6 25. Qe3 Kf8 26. Rbd1
e5 27. Qe4 g6 28. Qd5 Kg7 29. fxe5 fxe5 30. f4 Qb7 31. Qxb7 Rxb7 32. fxe5
dxe5 33. Re3 Re7 34. b6 Kf6 35. Rf1+ Ke6 36. Rf8 Kd6 37. Rf6+ Kd7 38. b7
Kc7 39. Rb6 Kb8 40. Re1 Re8 41. Reb1 e4 42. Ra6 Kc7 43. Ra8 Rb8 44. Rxb8
Kxb8 45. Kg2 Nf5 46. Rb5 Nd6 47. Rxc5 Kxb7 48. Rxa5 Nxc4 49. Rc5 Nb6 50.
Re5 Nxa4 51. Rxe4 Nc5 52. Re7+ Kc6 53. Rxh7 Nd3 54. g4 Kd6 55. Kg3 Ke6 56.
h4 Kf6 57. Ra7 Ne5 58. Ra6+ Kg7 59. Kf4 Nf7 60. Ra7 Kf6 61. Rxf7+ Kxf7 62.
Ke5 Ke7 63. g5 Kf7 64. Kd6 1-0

[Event "XIX Carlos Torre Mem"]
[Site "Merida MEX"]
[Date "2006.12.15"]
[Round "2"]
[White "Sanchez Enr.,O"]
[Black "Mitkov,N1"]
[Result "0-1"]
[WhiteElo "2196"]
[BlackElo "2565"]
[EventDate "2006.12.14"]

1. e4 e5 2. Nf3 Nc6 3. Bb5 Nf6 4. O-O Nxe4 5. d4 Nd6 6. Bxc6 dxc6 7. dxe5
Nf5 8. Qxd8+ Kxd8 9. Nc3 h6 10. b3 Bd7 11. Bb2 Kc8 12. Ne2 Ne7 13. e6 Bxe6
14. Nf4 Bf5 15. Ne5 f6 16. Nf7 Rg8 17. Rad1 b6 18. Rfe1 Bd7 19. Ne6 Nf5 20.
a3 a5 21. g4 Bxe6 22. Rxe6 Nd6 23. Nxd6+ Bxd6 24. a4 Kd7 25. Rde1 c5 26.
R6e4 Raf8 27. h3 f5 28. Re6 g6 29. Rf6 Rxf6 30. Bxf6 fxg4 31. hxg4 Rf8 32.
Bg7 Rf4 33. Bxh6 Rxg4+ 34. Kf1 c4 35. Bd2 c5 36. f3 Rh4 37. Re4 Rh1+ 38.
Ke2 cxb3 39. cxb3 Rb1 40. Re3 Kc6 41. Re6 Kd5 42. Rxg6 Rxb3 43. f4 c4 44.
f5 Bc5 45. f6 Ke6 46. Bg5 Rb2+ 47. Kd1 Rg2 0-1

[Event "XIX Carlos Torre Mem"]
[Site "Merida MEX"]
[Date "2006.12.15"]
[Round "2"]
[White "Zapata,A"]
[Black "Knight,S"]
[Result "1-0"]
[WhiteElo "2470"]
[BlackElo "2100"]
[EventDate "2006.12.14"]

1. e4 e5 2. Nf3 Nf6 3. Nxe5 d6 4. Nf3 Nxe4 5. Nc3 Nxc3 6. dxc3 Nc6 7. Bf4
Bf5 8. Qd2 Qd7 9. O-O-O Be7 10. Bb5 a6 11. Ba4 b5 12. Bb3 Na5 13. Bg5 O-O
14. Bd5 c6 15. Bxe7 Qxe7 16. Qf4 Qf6 17. Bxc6 Rad8 18. Nd4 Bg6 19. Qxf6
gxf6 20. Bd5 Rfe8 21. f4 Nc4 22. Bxc4 bxc4 23. f5 Bh5 24. g4 1-0

[Event "XIX Carlos Torre Mem"]
[Site "Merida MEX"]
[Date "2006.12.15"]
[Round "2"]
[White "Arreguin Hernandez,A"]
[Black "Vargas Hernandez,F"]
[Result "1-0"]
[WhiteElo "2150"]
[BlackElo "1929"]
[EventDate "2006.12.14"]

1. e4 c5 2. Nf3 d6 3. d4 cxd4 4. Nxd4 Nf6 5. Nc3 a6 6. Bg5 e6 7. f4 Be7 8.
Qf3 Qb6 9. O-O-O Nc6 10. Nxc6 Qxc6 11. Qg3 Qc5 12. e5 dxe5 13. fxe5 Nh5 14.
Qg4 Qxe5 15. Bxe7 Kxe7 16. Qb4+ Ke8 17. Nb5 Qg5+ 18. Kb1 Qe7 19. Nd6+ Kf8
20. Nf5 1-0

[Event "XIX Carlos Torre Mem"]
[Site "Merida MEX"]
[Date "2006.12.15"]
[Round "2"]
[White "Tapie,P"]
[Black "Guerrero Rodriguez,Alej"]
[Result "1-0"]
[WhiteElo "2059"]
[BlackElo "2157"]
[EventDate "2006.12.14"]

1. e4 e5 2. Nf3 Nc6 3. Bb5 a6 4. Ba4 Nf6 5. d4 exd4 6. O-O Be7 7. Re1 b5 8.
Bb3 d6 9. Bd5 Bb7 10. Nxd4 Nxd5 11. Nxc6 Bxc6 12. exd5 Bb7 13. Bg5 f6 14.
Bf4 O-O 15. c4 f5 16. Nc3 bxc4 17. Qe2 Bg5 18. Qxc4 a5 19. Bxg5 Qxg5 20.
Qxc7 Rf7 21. Qxd6 Rd8 22. Qe5 Rfd7 23. Rad1 Qg6 24. Re3 Qf7 25. Red3 Re8
26. Qf4 Bxd5 27. h3 Bc6 28. Rxd7 Bxd7 29. Qc7 Be6 30. Qxa5 Qf6 31. Re1 f4
32. Qb5 Rd8 33. Qb6 Re8 34. Nd5 Qf7 35. Nc7 1-0

[Event "XIX Carlos Torre Mem"]
[Site "Merida MEX"]
[Date "2006.12.15"]
[Round "2"]
[White "Alayola,J"]
[Black "Cardena Canto,M"]
[Result "1-0"]
[WhiteElo "2144"]
[BlackElo "1904"]
[EventDate "2006.12.14"]

1. c4 e5 2. Nc3 Nf6 3. g3 d5 4. cxd5 Nxd5 5. Bg2 Nb6 6. Nf3 Nc6 7. O-O Be7
8. a3 O-O 9. b4 a6 10. d3 Re8 11. Bb2 Bf8 12. Rc1 Nd4 13. Ne4 Bg4 14. Nxd4
exd4 15. Re1 Rb8 16. Nc5 Bxc5 17. bxc5 Nd5 18. Rc4 Nc3 19. Bxc3 dxc3 20.
Rxg4 1-0

[Event "XIX Carlos Torre Mem"]
[Site "Merida MEX"]
[Date "2006.12.15"]
[Round "3"]
[White "Graf,A"]
[Black "Fernandez,D USA"]
[Result "1-0"]
[WhiteElo "2601"]
[BlackElo "2451"]
[EventDate "2006.12.14"]

1. d4 d5 2. c4 c6 3. Nf3 Nf6 4. e3 Bf5 5. Nbd2 e6 6. a3 Nbd7 7. b4 a5 8. b5
cxb5 9. cxd5 exd5 10. Bxb5 Bd6 11. Qb3 Rc8 12. a4 Bb4 13. Bb2 O-O 14. O-O
Nb6 15. Ba3 Rc3 16. Qb2 Rc2 17. Qb1 Bxa3 18. Rxa3 Qd6 19. Rb3 Rfc8 20. Ne1
Rxd2 21. Qxf5 Rc1 22. Nf3 Rdd1 23. g3 Nxa4 24. Rxd1 Rxd1+ 25. Kg2 Ra1 26.
Qc8+ Qf8 27. Qxb7 Ne4 28. Bxa4 Rxa4 29. Qxd5 Nf6 30. Qf5 1-0